Real Zaragoza Quiz - Statistics

General Stats
  • This quiz has been taken 53 times
    12 since last reset
  • The average score is 17 of 20
Answer Stats
Hint Answer % Correct
What historical result occurred in the Copa del Rey against Real Madrid in 2006? 6-1
100%
Which player left the club in 2023 after playing more than 400 games for Zaragoza? Alberto Zapater
100%
Real Zaragoza was the first European club for this Brazilian star in 1995 Cafú
100%
In 2021, the Real Zaragoza goalkeeper scored a goal and equalized in the last minute. Who was that goalkeeper that retired on 2025? Cristian Álvarez
100%
Legendary Barça player who was at the club in 2007 Gerard Piqué
100%
Name the two main rival teams of Real Zaragoza Huesca
100%
What is the name of the stadium where they play their home games? La Romareda / Ibercaja Estadio
100%
Name of the footballer who gave him the title of the above in the 120th minute Nayim
100%
Name the two main rival teams of Real Zaragoza Osasuna
100%
¿Who is the current manager? Rubén Sellés
100%
Last year that Real Zaragoza played in LaLiga 2013
90%
Famous Spanish forward who played for the club between 2003 and 2005 David Villa
90%
Year in which Zaragoza was founded 1932
80%
Against which teams did Zaragoza lose in the play-off to get promoted to La Liga in recent years? Elche
80%
Against which teams did Zaragoza lose in the play-off to get promoted to La Liga in recent years? Numancia
80%
What was Real Zaragoza's last European title? Cup Winners Cup
70%
Zaragoza's top scorer at the moment (2024/25) Dani Gómez
60%
Against which teams did Zaragoza lose in the play-off to get promoted to La Liga in recent years? Las Palmas
60%
Which Real Zaragoza player gave Spain a European Championship in 1966 against the Soviet Union? Marcelino
50%
How was the team affectionately called in the 1980s, when the club signed many Uruguayan and Paraguayan players? Zaraguayos
50%
No matching quizzes found
Score Distribution
Percent of People with Each Score
Percentile by Number Answered
Your Score History
You have not taken this quiz since the last reset